| 000 | 00428nam a2200169Ia 4500 | ||
|---|---|---|---|
| 008 | 121106t1986 xxu||||| |||| 00| 0 sin d | ||
| 041 | _asin | ||
| 080 |
_a8S-1 _bHEL |
||
| 100 | _aHelavathugoda .W.M.T | ||
| 245 | _aපැතුම් ගී | ||
| 246 | _aPethum Gee | ||
| 260 |
_bPrasanna Mudhdhrana _aPelmadulla _c1986 |
||
| 300 | _b32p., 18 cm | ||
| 942 | _cBK | ||
| 999 |
_c75748 _d75748 |
||
| 003 | LK-CoDNM | ||
| 040 |
_aLK-CoDNM _dLK-CoDNM _eLK-CoDNM |
||